Scottish Football: Title Winning Managers Since 1946 - Statistics

General Stats
  • This quiz has been taken 54 times
    20 since last reset
  • The average score is 59 of 78
Answer Stats
Season Club Manager % Correct
1979-80 Aberdeen Alex Ferguson
100%
1983-84 Abderdeen Alex Ferguson
100%
1984-85 Aberdeen Alex Ferguson
100%
2016-17 Celtic Brendan Rodgers
100%
2017-18 Celtic Brendan Rodgers
100%
Brendan Rodgers
100%
1965-66 Celtic Jock Stein
100%
1966-67 Celtic Jock Stein
100%
1967-68 Celtic Jock Stein
100%
1968-69 Celtic Jock Stein
100%
1969-70 Celtic Jock Stein
100%
1970-71 Celtic Jock Stein
100%
1971-72 Celtic Jock Stein
100%
1972-73 Celtic Jock Stein
100%
1973-74 Celtic Jock Stein
100%
1976-77 Celtic Jock Stein
100%
2011-12 Celtic Neil Lennon
100%
2012-13 Celtic Neil Lennon
100%
2013-14 Celtic Neil Lennon
100%
2018-19 Celtic Neil Lennon
100%
2019-20 Celtic Neil Lennon
100%
1990-91 Rangers Walter Smith
100%
1991-92 Rangers Walter Smith
100%
1992-93 Rangers Walter Smith
100%
1993-94 Rangers Walter Smith
100%
1994-95 Rangers Walter Smith
100%
1995-96 Rangers Walter Smith
100%
1996-97 Rangers Walter Smith
100%
2008-09 Rangers Walter Smith
100%
2009-10 Rangers Walter Smith
100%
2010-11 Rangers Walter Smith
100%
2000-01 Celtic Martin O'Neill
94%
2001-02 Celtic Martin O'Neill
94%
2003-04 Celtic Martin O'Neill
94%
2020-21 Rangers Steven Gerrard
94%
2021-22 Celtic Ange Postecoglou
88%
2022-23 Celtic Ange Postecoglou
88%
2002-03 Rangers Alex McLeish
82%
2004-05 Rangers Alex McLeish
82%
1998-99 Rangers Dick Advocaat
82%
1999-00 Rangers Dick Advocaat
82%
2005-06 Celtic Gordon Strachan
82%
2006-07 Celtic Gordon Strachan
82%
2007-08 Celtic Gordon Strachan
82%
1986-87 Rangers Graeme Souness
82%
1988-89 Rangers Graeme Souness
82%
1989-90 Rangers Graeme Souness
82%
1978-79 Celtic Billy McNeill
76%
1980-81 Celtic Billy McNeill
76%
1981-82 Celtic Billy McNeill
76%
1987-88 Celtic Billy McNeill
76%
1982-83 Dundee Utd Jim McLean
76%
2014-15 Celtic Ronny Deila
76%
2015-16 Celtic Ronny Deila
76%
1997-98 Celtic Wim Jansen
71%
1974-75 Rangers Jock Wallace
65%
1975-76 Rangers Jock Wallace
65%
1977-78 Rangers Jock Wallace
65%
1985-86 Celtic David Hay
53%
1946-47 Rangers Bill Struth
47%
1948-49 Rangers Bill Struth
47%
1949-50 Rangers Bill Struth
47%
1952-53 Rangers Bill Struth
47%
1964-65 Kilmarnock Willie Waddell
41%
1953-54 Celtic Jimmy McGrory
35%
1955-56 Rangers Scot Symon
29%
1956-57 Rangers Scot Symon
29%
1958-59 Rangers Scot Symon
29%
1960-61 Rangers Scot Symon
29%
1962-63 Rangers Scot Symon
29%
1963-64 Rangers Scot Symon
29%
1961-62 Dundee Bob Shankly
18%
1957-58 Hearts Tommy Walker
18%
1959-60 Hearts Tommy Walker
18%
1954-55 Aberdeen Dave Halliday
12%
1947-48 Hibernian Hugh Shaw
12%
1950-51 Hibernian Hugh Shaw
12%
1951-52 Hibernian Hugh Shaw
12%
No matching quizzes found
Score Distribution
Percent of People with Each Score
Percentile by Number Answered
Your Score History
You have not taken this quiz since the last reset